| 000 | 02174nam a2200361 i 4500 | ||
|---|---|---|---|
| 001 | |||
| 003 | DO-SdBNP | ||
| 005 | 20250422110624.0 | ||
| 007 | ta | ||
| 008 | 110331s1974 dr a 000 0 spa d | ||
| 040 |
_aDO-SdBNP _bspa _cDO-SdBNP _erda |
||
| 049 | _a | ||
| 082 | 4 |
_a972.9302 _bN789d _222 |
|
| 100 | 1 |
_aNolasco, Flérida de, _d1891-1976 _eautor _4aut. _935151 |
|
| 245 | 1 | 0 |
_aDías de la colonia, La Catedral de Santo Domingo, El Santuario de Higüey : _b(estudios históricos) / _cFlérida de Nolasco ; prólogo, P. Antonio Valle Llano. |
| 264 |
_aSanto Domingo : _bEditora del Caribe, _c1974. |
||
| 300 |
_a250 páginas : _bilustraciones ; _c23 cm. |
||
| 336 |
_atexto _btxt _2rdacontent |
||
| 337 |
_asin mediación _bn _2rdamedia |
||
| 338 |
_avolumen _bnc _2rdacarrier |
||
| 500 | _aIncluye referencias bibliográficas y notas al pie de las páginas | ||
| 505 | 0 | _aPrólogo -- Días de la colonia -- Los Dominicos en la Española -- Paulo III y la Primada de América -- Existencias y vicisitudes del Colegio Gorjón -- El maestro Cristóbal de Llerena -- Don Alonzo López de Ávila -- Don Agustín Dávila Padilla -- La Catedral de Santo Domingo, Primada de América -- Provisiones tradicionales -- El Santuario del Santo Cerro -- En Santuario de Higüey -- Bibliografía -- Diversiones tradicionales -- Cómo se divertían los oidores I -- Las fiestas San Juan Bautista II -- El teatro III -- La pasión por los bailes IV -- Los toros V -- El capitán Don Rodrigo Pimentel -- Mujeres de las colonias -- El significado de Tirso de Molina en la cultura dominicana -- Días de la colonia (bibliografía) -- Algunas opiniones. | |
| 563 | _aTres obras encuadernadas juntas con paginación continua | ||
| 590 | _aInventariado,2020/VM | ||
| 650 | 4 |
_aSantuarios _zRepública Dominicana _xHistoria _987437 |
|
| 651 | 7 |
_aRepública Dominicana _x Historia _yColonia*1503-1844 _911397 _2LEMB |
|
| 651 | 7 |
_aRepública Dominicana _xVida social y costumbres _9405 _2LEMB |
|
| 700 | 1 |
_aValle Llano, P. Antonio, _eprologuista _4pr. _954359 |
|
| 740 | _aLa catedral de Santo Domingo | ||
| 740 | _aEl santuario de Higüey | ||
| 942 |
_2ddc _cLBS1 |
||
| 956 | _aVMateo | ||
| 999 |
_c48971 _d48971 |
||